Normal view
MARC view
- Moreno Fernández, Francisco,
Entry Nombre Personal
001 - NUMERO DE CONTROL
- campo de control: 34342
003 - IDENTIFICADOR DE NUMERO DE CONTROL
- campo de control: UPN
005 - FECHA Y HORA DE LA ÜLTIMA TRANSACCIÓN
- campo de control: 20210219194452.0
008 - DATOS DE LONGITUD FIJA
- campo de control de longitud fija: nabaccnnaabn|||||||||| b |nc|||||d
035 ## - NUMERO DE CONTROL
- Número de control: UPN11000006449
040 ## - FUENTE DE CATALOGACIÓN
- Lenguaje de catalogación: SPA
- Agencia de transcripción: UPN
100 1# - ENCABEZAMIENTO - NOMBRE PERSONAL
- Nombre personal: Moreno Fernández, Francisco,
- Fechas asociadas con el nombre: 1960-
670 ## - FUENTE EN LA QUE SE LOCALIZARON DATOS
- Cita de la fuente: T
- Información localizada: Principios de sociolingüística y sociología del lenguaje
680 ## - NOTA PUBLICA DE ACCESO PÚBLICO
- Frase explicativa de la referencia: Doctor en linguística hispánica por la Universidad Complutense de Madrid
902 ## - CATALOGADOR
- Catalogador: MCM/071113
